Oportunidad histórica: cambio político y nuevo orden sociocultural /

Պահպանված է:
Մատենագիտական մանրամասներ
Հիմնական հեղինակ: Calderón G., Fernando
Ձևաչափ: Տեքստ
Խորագրեր:
Ցուցիչներ: Ավելացրեք ցուցիչ
Չկան պիտակներ, Եղեք առաջինը, ով նշում է այս գրառումը!

MARC

LEADER 00000 a a2200000 04500
001 10854
003
040
100 |a Calderón G., Fernando  
245 |a Oportunidad histórica:   |b cambio político y nuevo orden sociocultural /  |c Fernando Calderón G. 
650 |a POBLACION INDIGENA  
650 |a INCLUSION SOCIAL  
650 |a DESARROLLO ECONOMICO  
650 |a DEMOCRACIA  
650 |a ESTADO  
650 |a BOLIVIA  
773 |g número 209; páginas 32-45  
999 |c 38438  |d 38438